[Event "AUTO-INT-155"]
[Site "http://www.queenalice.com/game.php?id=101415"]
[Date "2006.9.1"]
[Round "1"]
[White "jobjarna"]
[Black "nczempin"]
[Result "0-1"]
[WhiteElo "1533"]
[BlackElo "1866"]

1. d4 d5 2. c4 dxc4 3. e3 e5 4. Bxc4 exd4 5. exd4 Nf6 6. Qb3 Bd6 7. Bxf7+ Kf8 8.
Bc4 Nc6 9. Ne2 Na5 10. Qc2 Qe7 11. Bd3 Nc6 12. O-O Nb4 13. Qd1 c5 14. a3 Nxd3
15. Qxd3 Qc7 16. Ng3 cxd4 17. Nd2 Bd7 18. Nc4 Bb5 19. b3 Bxc4 20. bxc4 Rc8 21.
Bb2 Qxc4 22. Qf5 Rc5 23. Qf3 Qd5 24. Qd3 Kf7 25. Qxd4 Rd8 26. Qxd5+ Rxd5 27.
Bxf6 gxf6 28. a4 Be5 29. Ra2 b6 30. Ne2 Rd2 31. Rxd2 Rxd2 32. Ng3 Ra2 33. Nf5
Rxa4 34. g3 a5 35. f4 Bc3 36. Kg2 Ra2+ 37. Kh3 Ke6 38. Nh4 b5 39. Rd1 Rd2 40.
Re1+ Kf7 41. Re4 a4 42. Nf5 Rd7 43. Re2 b4 0-1

[Event "AUTO-INT-155"]
[Site "http://www.queenalice.com/game.php?id=101416"]
[Date "2006.9.1"]
[Round "1"]
[White "nczempin"]
[Black "CampbellMarcel"]
[Result "1-0"]
[WhiteElo "1780"]
[BlackElo "1537"]

1. e4 d5 2. d4 dxe4 3. Nc3 Bf5 4. f3 exf3 5. Nxf3 Nc6 6. Bb5 a6 7. Bxc6+ bxc6 8.
Ne5 Qd6 9. Qf3 g6 10. g4 Be6 11. Bf4 Nf6 12. Nxf7 Bd5 13. Nxd6+ cxd6 14. Nxd5
Nxd5 15. O-O-O Nxf4 16. Qxc6+ 1-0

[Event "AUTO-INT-155"]
[Site "http://www.queenalice.com/game.php?id=101417"]
[Date "2006.9.1"]
[Round "1"]
[White "CampbellMarcel"]
[Black "nczempin"]
[Result "1-0"]
[WhiteElo "1616"]
[BlackElo "1557"]

1. e4 e5 2. Nf3 Nc6 3. Be2 Nf6 4. d3 d5 5. O-O dxe4 6. Ng5 exd3 7. Bxd3 Be7 8.
Nxf7 Kxf7 9. Bc4+ Be6 10. Bxe6+ Kxe6 11. Qf3 Nd4 12. Qh3+ Kf7 13. Bg5 Nxc2 14.
Bxf6 Kxf6 15. Qf3+ Kg5 16. Qg3+ Kh6 17. Nc3 Nxa1 18. Rxa1 Qd4 19. Rd1 Qf4 20.
Qh3+ Qh4 21. Qe3+ Qg5 22. f4 1-0

[Event "Challenge"]
[Site "http://www.queenalice.com/game.php?id=101438"]
[Date "2006.9.1"]
[Round "-"]
[White "joek"]
[Black "nczempin"]
[Result "0-1"]
[WhiteElo "1584"]
[BlackElo "1500"]

1. e4 e5 2. Nf3 Nc6 3. Bc4 Bc5 4. c3 Nf6 5. d3 d6 6. Bg5 h6 7. Bh4 g5 8. Bg3 Nh5
9. Nxe5 Nxg3 10. Nxc6 Qf6 11. d4 Nxh1 12. dxc5 Qxf2# 0-1

[Event "Challenge"]
[Site "http://www.queenalice.com/game.php?id=101449"]
[Date "2006.9.1"]
[Round "-"]
[White "nczempin"]
[Black "Savage_king"]
[Result "0-1"]
[WhiteElo "1560"]
[BlackElo "1871"]

1. e4 Nf6 2. e5 Nd5 3. d4 d6 4. Nf3 Bf5 5. Bd3 Bxd3 6. Qxd3 dxe5 7. Nxe5 e6 8.
O-O Bd6 9. Qb5+ Nd7 10. Nc3 Nxc3 11. bxc3 Bxe5 12. dxe5 Qe7 0-1

[Event "AUTO-OPEN-374"]
[Site "http://www.queenalice.com/game.php?id=101479"]
[Date "2006.9.1"]
[Round "1"]
[White "nczempin"]
[Black "McKnights"]
[Result "0-1"]
[WhiteElo "1643"]
[BlackElo "1879"]

1. e4 d5 2. d4 dxe4 3. Nc3 Nf6 4. f3 exf3 5. Nxf3 Bg4 6. Bc4 Nc6 7. d5 Ne5 8.
Nxe5 Bxd1 9. Bb5+ c6 10. dxc6 a6 11. c7+ Qd7 0-1

[Event "AUTO-OPEN-374"]
[Site "http://www.queenalice.com/game.php?id=101480"]
[Date "2006.9.1"]
[Round "1"]
[White "McKnights"]
[Black "nczempin"]
[Result "1-0"]
[WhiteElo "1886"]
[BlackElo "1634"]

1. e4 e5 2. Nf3 Nc6 3. Nc3 Nf6 4. d4 exd4 5. Nxd4 Nxd4 6. Be3 Nc6 7. Bd3 d5 8.
exd5 Nxd5 9. Nxd5 Qxd5 10. O-O Be6 11. Re1 1-0

[Event "AUTO-ADV-241"]
[Site "http://www.queenalice.com/game.php?id=101639"]
[Date "2006.9.2"]
[Round "1"]
[White "nczempin"]
[Black "eduarmi"]
[Result "0-1"]
[WhiteElo "1610"]
[BlackElo "1678"]

1. e4 e5 2. Nf3 Nc6 3. Bc4 Nf6 4. Ng5 d5 5. exd5 Nxd5 6. Nxf7 Kxf7 7. Qf3+ Qf6
8. Bxd5+ Be6 9. Bxc6 bxc6 10. Qxc6 Bd6 0-1

[Event "AUTO-ADV-241"]
[Site "http://www.queenalice.com/game.php?id=101654"]
[Date "2006.9.2"]
[Round "1"]
[White "dequeue"]
[Black "nczempin"]
[Result "0-1"]
[WhiteElo "1704"]
[BlackElo "1833"]

1. d4 d5 2. c4 dxc4 3. Nf3 Nf6 4. e3 e6 5. Bxc4 c5 6. O-O Nc6 7. Qe2 a6 8. Rd1
Qc7 9. Nc3 b5 10. Bxb5 axb5 11. Nxb5 Qb6 12. dxc5 Bxc5 13. Qc4 Ba6 14. Nc7+ Qxc7
15. Qxc5 Be2 16. Qd6 Rd8 17. Qxc6+ Qxc6 18. Rxd8+ Kxd8 19. Ne5 Qd5 0-1

[Event "AUTO-ADV-241"]
[Site "http://www.queenalice.com/game.php?id=101655"]
[Date "2006.9.2"]
[Round "1"]
[White "nczempin"]
[Black "dequeue"]
[Result "0-1"]
[WhiteElo "1594"]
[BlackElo "1789"]

1. e4 c5 2. Nf3 Nc6 3. d4 cxd4 4. Nxd4 g6 5. c4 Bg7 6. Be3 Nf6 7. Nc3 O-O 8. Be2
d6 9. f4 e5 10. Nxc6 bxc6 11. fxe5 Ne8 12. exd6 Nxd6 13. Bd4 Nxe4 14. Bxg7 Qxd1+
15. Rxd1 Re8 16. Bd4 Nxc3 17. Bxc3 Be6 18. O-O Re7 19. a3 c5 20. b4 Rc8 0-1

[Event "AUTO-ADV-241"]
[Site "http://www.queenalice.com/game.php?id=101666"]
[Date "2006.9.2"]
[Round "1"]
[White "nczempin"]
[Black "Moe"]
[Result "0-1"]
[WhiteElo "1652"]
[BlackElo "1913"]

1. e4 e5 2. Nf3 Nc6 3. Bc4 Bc5 4. c3 Nf6 5. b4 Bb6 6. d3 d6 7. a4 a5 8. b5 Na7
9. O-O Bg4 10. h3 Bh5 11. Bg5 h6 12. Be3 c6 13. Bxb6 Qxb6 14. bxc6 bxc6 15. Nbd2
O-O 0-1

[Event "AUTO-ADV-241"]
[Site "http://www.queenalice.com/game.php?id=101667"]
[Date "2006.9.2"]
[Round "1"]
[White "Moe"]
[Black "nczempin"]
[Result "1-0"]
[WhiteElo "1904"]
[BlackElo "1663"]

1. e4 e5 2. Bc4 Nc6 3. Nf3 Bc5 4. d3 Nf6 5. Bg5 d6 6. Nc3 Na5 7. Nd5 c6 8. Nxf6+
gxf6 9. Bh4 Nxc4 10. dxc4 Rg8 11. Qd2 Qb6 12. c3 Rxg2 13. Bg3 Qa6 14. b3 Qa3 15.
Kf1 Bh3 16. Ke1 O-O-O 17. Nh4 1-0

[Event "AUTO-INT-156"]
[Site "http://www.queenalice.com/game.php?id=101672"]
[Date "2006.9.2"]
[Round "1"]
[White "Lord_Tiger_Brasil"]
[Black "nczempin"]
[Result "1-0"]
[WhiteElo "1704"]
[BlackElo "1525"]

1. e4 e5 2. Qh5 Nc6 3. Bc4 Qf6 4. c3 d6 5. h3 Qe7 6. d3 Nf6 7. Qf3 Na5 8. Bb5+
c6 9. Ba4 b5 10. Bc2 d5 11. b4 dxe4 12. dxe4 Nc4 13. Bb3 a5 14. Bxc4 bxc4 15. a3
1-0

[Event "AUTO-INT-156"]
[Site "http://www.queenalice.com/game.php?id=101673"]
[Date "2006.9.2"]
[Round "1"]
[White "nczempin"]
[Black "Lord_Tiger_Brasil"]
[Result "0-1"]
[WhiteElo "1516"]
[BlackElo "1713"]

1. e4 e5 2. f4 exf4 3. Bc4 a6 4. Nf3 d6 5. O-O Bg4 6. d4 c6 7. Bxf4 Be7 8. Bxf7+
Kxf7 9. Ng5+ Ke8 10. Qxg4 Bxg5 11. Bxg5 Ne7 12. Nc3 Qd7 13. Qf4 Ng6 14. Qg3 a5
15. Nd5 cxd5 16. exd5 Na6 0-1

[Event "AUTO-INT-156"]
[Site "http://www.queenalice.com/game.php?id=101690"]
[Date "2006.9.2"]
[Round "1"]
[White "nczempin"]
[Black "Barabba"]
[Result "0-1"]
[WhiteElo "1543"]
[BlackElo "1881"]

1. e4 g6 2. d4 d6 3. c4 c6 4. Nc3 Bg7 5. f3 e5 6. d5 Ne7 7. Bd3 O-O 8. Nge2 f5
9. Be3 Na6 10. Qd2 cxd5 0-1

[Event "AUTO-INT-156"]
[Site "http://www.queenalice.com/game.php?id=101692"]
[Date "2006.9.2"]
[Round "1"]
[White "nczempin"]
[Black "juliux"]
[Result "0-1"]
[WhiteElo "1684"]
[BlackElo "1785"]

1. e4 e5 2. Nf3 Nc6 3. Bc4 h6 4. d4 exd4 5. Nxd4 Nxd4 6. Qxd4 Nf6 7. O-O Be7 8.
e5 Nh5 9. Qd5 O-O 10. Qf3 Nf6 11. exf6 Bxf6 12. Re1 c6 13. c3 d5 14. Bd3 Re8 15.
Rxe8+ Qxe8 16. Be3 Be6 17. Bxh6 gxh6 18. Qxf6 c5 19. Qxh6 Bf5 20. Qg5+ Bg6 0-1

[Event "AUTO-INT-156"]
[Site "http://www.queenalice.com/game.php?id=101693"]
[Date "2006.9.2"]
[Round "1"]
[White "juliux"]
[Black "nczempin"]
[Result "1-0"]
[WhiteElo "1766"]
[BlackElo "1754"]

1. e4 e5 2. Nf3 Nc6 3. Bc4 Bc5 4. Nc3 Nf6 5. h3 d6 6. Ng5 O-O 7. d3 Na5 8. Bb3
Nxb3 9. axb3 Bd7 10. O-O b5 11. Nf3 a5 12. Bg5 h6 13. Bh4 c6 14. Nh2 g5 15. Bg3
Re8 16. Ne2 h5 17. Nf3 1-0